Celoštátný seminár o metrológii pri príležitosti 150. výročia narodenia veľkého ruského metrológa D.I. Mendelejeva : Trnava, 5.-7.11. 1984

Na minha lista:
Detalhes bibliográficos
Formato: Livro
Idioma:eslovaco
Publicado em: Bratislava Dom techniky ČSVTS 1984
Tags: Adicionar Tag
Sem tags, seja o primeiro a adicionar uma tag!

MARC

LEADER 00000nam a2200000 4500
001 c108899
005 20041019155142.7
041 0 |a slo 
044 |a SK 
245 1 0 |a Celoštátný seminár o metrológii  |b pri príležitosti 150. výročia narodenia veľkého ruského metrológa D.I. Mendelejeva : Trnava, 5.-7.11. 1984 
264 1 |a Bratislava  |b Dom techniky ČSVTS  |c 1984 
300 |a 116 s.